000 00462nam a2200181Ia 4500
005 20241025163038.0
008 240126s9999 xx 000 0 und d
020 _a9780199450510
082 _a658.5 BAL;1 R
100 _aBali, Parvinder S.
245 0 _aFood production operations
250 _a2nd ed.
260 _bOxford University
_aNew Delhi
_c2014
300 _axvii, 586
440 _aNULL
650 _aFood,production,operations
942 _cPU
999 _c282637
_d282637